000 00931cam a22003257a 4500
003 CHAP
005 20220817041055.0
008 971013s1989 r 00010 d
010 _a5844
011 _a6816
035 _a6039
040 _cCHAP
090 _aFolleto 13887
100 0 0 _aBailey, Douglas A.
_99432
245 0 _aHydrangea production
260 _aPortland, Oregon :
_bTimber,
_c1989
300 _a91 p.
490 0 _aGrowers Handbook
_v; 3
590 _aBATCH-UPD
_b10
_c20130110
_lUCH01
_h0009
590 _aBATCH-UPD
_b10
_c20130110
_lUCH01
_h1550
590 _aCONVERSION
_b10
_c20130109
_lUCH01
_h1304
650 1 4 _aFlores.
_941358
650 1 4 _aHortensia.
_956288
650 1 4 _aPlantas ornamentales.
830 0 _aGrowers Handbook
_v; 3
_950842
901 _aBK
942 _cFOLL
949 _aFolleto 13887
_bBC
_cFOLL
_d-15639
_eTS1
_i6039
_si
949 _aFolleto 13887
_bBC
_cFOLL
_d-77247
_eTS2
_fc.2
_i6039
_si
999 _c5844
_d5844